000 00724nam a2200217Ii 4500
003 JO-AjNU
008 230606s9999||||xx |||||||||||||| ||und||
020 _a978-0-521-78957-8
040 _aJO-AjNU
_beng
_erda
_cJO-AjNU
041 _aeng
050 1 4 _aPE1390 2005
100 3 _aتاليف Michael Mccarthy;م.مشارك O,dell,Felicity,
_eauthor
_92192
245 0 0 _aEnglish Idioms in Use :60 units of vocabulary refernce and Pratice Self-study and classroom use
250 _a7 ed
264 3 1 _aNew York:Cambridge University Press,2005
300 _a190p
336 _atext
_btxt
_2rdacontent
337 _aunmediated
_bn
_2rdamedia
338 _avolume
_bnc
_2rdacarrier
650 4 _aEnglish Language-English
_92193
999 _aE1149
_c1149
_d1149